<?xml version="1.0" encoding="UTF-8"?>
<record
    xmlns:xsi="http://www.w3.org/2001/XMLSchema-instance"
    xsi:schemaLocation="http://www.loc.gov/MARC21/slim http://www.loc.gov/standards/marcxml/schema/MARC21slim.xsd"
    xmlns="http://www.loc.gov/MARC21/slim">

  <leader>02861njm a2200409Ia 4500</leader>
  <controlfield tag="001">75641</controlfield>
  <controlfield tag="003">IT-RoPAU</controlfield>
  <controlfield tag="005">20220918181121.0</controlfield>
  <controlfield tag="008">131025s9999    xx            000 0 und d</controlfield>
  <datafield tag="040" ind1=" " ind2=" ">
    <subfield code="a">IT-RoPAU</subfield>
  </datafield>
  <datafield tag="040" ind1=" " ind2=" ">
    <subfield code="c">IT-RoPAU</subfield>
  </datafield>
  <datafield tag="999" ind1=" " ind2=" ">
    <subfield code="c">99810</subfield>
    <subfield code="d">99810</subfield>
  </datafield>
  <datafield tag="999" ind1=" " ind2=" ">
    <subfield code="b">n.d.</subfield>
  </datafield>
  <datafield tag="100" ind1=" " ind2=" ">
    <subfield code="a">AA.VV.</subfield>
    <subfield code="9">794</subfield>
  </datafield>
  <datafield tag="100" ind1=" " ind2=" ">
    <subfield code="e">Autore musica</subfield>
    <subfield code="9">25354</subfield>
  </datafield>
  <datafield tag="100" ind1=" " ind2=" ">
    <subfield code="g">Codice autore musica SPICS: 12000</subfield>
    <subfield code="9">796</subfield>
  </datafield>
  <datafield tag="245" ind1=" " ind2=" ">
    <subfield code="a">New Age Music Collection (Lp Hflp 401)</subfield>
  </datafield>
  <datafield tag="250" ind1=" " ind2=" ">
    <subfield code="a">1a ed.</subfield>
  </datafield>
  <datafield tag="260" ind1=" " ind2=" ">
    <subfield code="a">ITALY</subfield>
  </datafield>
  <datafield tag="260" ind1=" " ind2=" ">
    <subfield code="b">NEW SOUND PLANET</subfield>
    <subfield code="c">1988 [1a Ed.:1988]</subfield>
  </datafield>
  <datafield tag="300" ind1=" " ind2=" ">
    <subfield code="a">DISCO</subfield>
  </datafield>
  <datafield tag="500" ind1=" " ind2=" ">
    <subfield code="a">Musica new age. Pezzi strumentali tratti da album diversi</subfield>
  </datafield>
  <datafield tag="505" ind1=" " ind2=" ">
    <subfield code="a">Tibet Suite: Himalayan Twilight Reflections of Lunar Light [(Hwong Lucia) (dall'album House Of The Sleeping Beauties)] - Jesus, Jesus Rest Your Head [(Mc Cutcheon John) (dall'album Winter Solstice)] - Signals [(Ellwood William) (dall'album Reinassance)] - American Primitive [(Ellipsis) (dall'album Ellipsis)] - Stars In the Yard [(Chappell Jim) (dall'album Dusk)] - Cross Crusader [(Themis John) (dall'album English Renaissance)] - Sign Language [(Montreux) (dall'album Sign Language)] - Interlude I [(Steamroller Mannheim) (dall'album Fresh Aire)] -Light On the Path [(Christaal) (dall'album Mystic Traveller)] - Big Scioty [(Metamora) (dall'album The Great Road)] - Cactus Blossom [(Tavera King Ben) (dall'album Desert Dreams)] - Lonely Woman (dall'album No Secrets) - Eyes of the Wind Theme [(Hopp&#xE9; Michael) (dall'album Quiet Storms)]</subfield>
  </datafield>
  <datafield tag="650" ind1=" " ind2=" ">
    <subfield code="a">STRUMENTALE [DISCHI]</subfield>
    <subfield code="e">Codice MATERIA SPICS: 9950</subfield>
    <subfield code="9">828</subfield>
  </datafield>
  <datafield tag="700" ind1=" " ind2=" ">
    <subfield code="a">Hwong Lucia</subfield>
    <subfield code="d">Codice autore musica SPICS: 26376</subfield>
    <subfield code="e">Autore musica</subfield>
    <subfield code="p">Tibet Suite: Himalayan Twilight Reflections of Lunar Light</subfield>
    <subfield code="9">25355</subfield>
  </datafield>
  <datafield tag="700" ind1=" " ind2=" ">
    <subfield code="a">Anonimo</subfield>
    <subfield code="d">Codice autore musica SPICS: 2620</subfield>
    <subfield code="e">Autore musica</subfield>
    <subfield code="p">Jesus, Jesus Rest Your Head - Big Scioty</subfield>
    <subfield code="9">25356</subfield>
  </datafield>
  <datafield tag="700" ind1=" " ind2=" ">
    <subfield code="a">Ellwood William</subfield>
    <subfield code="d">Codice autore musica SPICS: 17664</subfield>
    <subfield code="e">Autore musica</subfield>
    <subfield code="p">Signals</subfield>
    <subfield code="9">25357</subfield>
  </datafield>
  <datafield tag="700" ind1=" " ind2=" ">
    <subfield code="a">Smith Paul</subfield>
    <subfield code="d">Codice autore musica SPICS: 6978</subfield>
    <subfield code="e">Autore musica</subfield>
    <subfield code="p">American Primitive</subfield>
    <subfield code="9">25358</subfield>
  </datafield>
  <datafield tag="700" ind1=" " ind2=" ">
    <subfield code="a">Chappell Jim</subfield>
    <subfield code="d">Codice autore musica SPICS: 26377</subfield>
    <subfield code="e">Autore musica</subfield>
    <subfield code="p">Stars In the Yard</subfield>
    <subfield code="9">25359</subfield>
  </datafield>
  <datafield tag="700" ind1=" " ind2=" ">
    <subfield code="a">Themis John</subfield>
    <subfield code="d">Codice autore musica SPICS: 26378</subfield>
    <subfield code="e">Autore musica</subfield>
    <subfield code="p">Cross Crusader</subfield>
    <subfield code="9">25360</subfield>
  </datafield>
  <datafield tag="700" ind1=" " ind2=" ">
    <subfield code="a">Manring Michael</subfield>
    <subfield code="d">Codice autore musica SPICS: 26379</subfield>
    <subfield code="e">Autore musica</subfield>
    <subfield code="p">Sign Language</subfield>
    <subfield code="9">25361</subfield>
  </datafield>
  <datafield tag="700" ind1=" " ind2=" ">
    <subfield code="a">Davis Chip</subfield>
    <subfield code="d">Codice autore musica SPICS: 26380</subfield>
    <subfield code="e">Autore musica</subfield>
    <subfield code="p">Interlude I</subfield>
    <subfield code="9">25362</subfield>
  </datafield>
  <datafield tag="700" ind1=" " ind2=" ">
    <subfield code="a">Christaal</subfield>
    <subfield code="d">Codice autore musica SPICS: 26381</subfield>
    <subfield code="e">Autore musica</subfield>
    <subfield code="p">Light On the Path</subfield>
    <subfield code="9">25363</subfield>
  </datafield>
  <datafield tag="700" ind1=" " ind2=" ">
    <subfield code="a">Tavera King Ben</subfield>
    <subfield code="d">Codice autore musica SPICS: 26382</subfield>
    <subfield code="e">Autore musica</subfield>
    <subfield code="p">Cactus Blossom</subfield>
    <subfield code="9">25364</subfield>
  </datafield>
  <datafield tag="700" ind1=" " ind2=" ">
    <subfield code="a">Silver Horace</subfield>
    <subfield code="d">Codice autore musica SPICS: 26383</subfield>
    <subfield code="e">Autore musica</subfield>
    <subfield code="p">Lonely Woman</subfield>
    <subfield code="9">25365</subfield>
  </datafield>
  <datafield tag="700" ind1=" " ind2=" ">
    <subfield code="a">Hopp&#xE9; Michael</subfield>
    <subfield code="d">Codice autore musica SPICS: 26384</subfield>
    <subfield code="e">Autore musica</subfield>
    <subfield code="p">Eyes of the Wind Theme</subfield>
    <subfield code="9">25366</subfield>
  </datafield>
  <datafield tag="942" ind1=" " ind2=" ">
    <subfield code="c">MD</subfield>
    <subfield code="2">ddc</subfield>
  </datafield>
  <datafield tag="952" ind1=" " ind2=" ">
    <subfield code="0">0</subfield>
    <subfield code="1">0</subfield>
    <subfield code="4">0</subfield>
    <subfield code="6">75641_000000000000000</subfield>
    <subfield code="7">1</subfield>
    <subfield code="a">SPICS</subfield>
    <subfield code="b">SPICS</subfield>
    <subfield code="d">2013-10-25</subfield>
    <subfield code="l">0</subfield>
    <subfield code="o">75641</subfield>
    <subfield code="r">2013-10-25 00:00:00</subfield>
    <subfield code="w">2013-10-25</subfield>
    <subfield code="y">MD</subfield>
    <subfield code="z">Progr. Ins.: 18214 / N.Vol.: 1 / Copie: 1 - Copia rara: n.d. / date import: 01.01.2014 - By Epidotti, Trombetti, Vaglietti</subfield>
  </datafield>
</record>
